000
00293nam a22001337a 4500
008
170404b xxu||||| |||| 00| 0 eng d
020
_a
9780077667535
041
_a
eng
080
_a
574
100
_a
9
101
_a
SHM
245
_a
TRADITIONS OF ENCOUNTER
_c
HENTLEY.J.H
942
_2
udc
_c
BK
999
_c
9659
_d
9659